000 00630nam a2200205 a 4500
001 000017197
005 20240412074245.0
008 100319s2009 dr 000 f spa d
020 _a9789993442912
040 _aDO-SdBNP
_bspa
_cBNPHU
082 _aRD861.44
_bS161c
100 1 _aSalcedo, Carlos
_916474
245 1 0 _aCircunstancia ininterrumpida /
_cCarlos Salcedo.
260 _aSanto Domingo :
_bRumbo Norte,
_c2009.
300 _a54 p. ;
_c23 cm.
500 _aIncluye datos biográficos del autor en la solapa de la cubierta
650 0 _aPoesía dominicana
_966
650 0 _aLiteratura dominicana.
_967
049 _aBNPD
999 _c16723
_d16723